00884cam a22002414a 450000500170000002000280001702000360004508200150008110000220009624500540011826000400017230000430021249000120025550001250026765000180039265000110041065000260042170000220044770000260046970000210049585600580051685600680057420250820140019.0 a1559630663 (alk. paper) a1559630655 (cloth : alk. paper)00a577.14 MEL aMelillo,Jerry M. 00aInteractions of the major biogeochemical cycles : aWashington :bIsland Press,cc2003. axxi, 357 p. :bill. (some col.), map ;1 aSCOPE ; a"A project of SCOPE, the Scientific Committee on Problems of the Environment, of the International Council for Science." 0aHuman ecology 0aNature 0aBiogeochemical cycles1 aMelillo, Jerry M.1 aField, Christopher B.1 aMoldan, Bedrich.41uhttp://www.loc.gov/catdir/toc/ecip047/2003016784.html42uhttp://www.loc.gov/catdir/enhancements/fy0631/2003016784-d.html